<The> startup student practical advice on how to succeed as a student entrepreneur

Gespeichert in:
Bibliographische Detailangaben
1. Verfasser: Liguori, Eric
Format: Buch
Sprache:Englisch
Veröffentlicht: [S.l.] EEP Press 2016
Schlagworte:
Tags: Tag hinzufügen
Keine Tags, Fügen Sie das erste Tag hinzu!

MARC

LEADER 00000nam a2200000 4500
001 0227859
005 20221107101233.9
020 |a 978-0-9974198-0-1 
020 |a 0-9974198-0-6 
041 0 |a eng 
044 |a US 
245 1 0 |a <The> startup student  |b practical advice on how to succeed as a student entrepreneur  |c Eric Liguori ; and 22 other leading experts 
264 1 |a [S.l.]  |b EEP Press  |c 2016 
300 |a 236 s. 
610 2 0 |a podnikanie 
610 2 0 |a študenti 
610 2 0 |a start-up 
610 2 0 |a stratégia podnikateľská 
610 2 0 |a poradenstvo 
100 1 |a Liguori, Eric